[Event "DVM U14w 2016"]
[Site "Düsseldorf GER"]
[Date "2016.12.29"]
[Round "5"]
[White "Schneider, Katharina"]
[Black "Kublanov, Elizabeth"]
[Result "0-1"]
[Termination "normal"]
[Board "1.3"]
[WhiteElo "1517"]
[BlackElo "1505"]
[WhiteClock "00:38:52"]
[BlackClock "00:50:10"]
[WhiteTeam "SF Sasbach"]
[BlackTeam "SG Solingen"]
[PlyCount "104"]
[WhiteFideId "16200519"]
[BlackFideId "12944564"]
[EventCountry "GER"]
[EventRounds "7"]
[EventType "team-swiss"]
[EventDate "2016.12.26"]

1. e4 {[%clk 1:30:58]} c5 {[%clk 1:30:48]} 2. Nf3 {[%clk 1:31:20]} Nc6 {[%clk
1:31:04]} 3. d4 {[%clk 1:31:24]} cxd4 {[%clk 1:31:10]} 4. Nxd4 {[%clk 1:31:39]}
g6 {[%clk 1:31:14]} 5. Nc3 {[%clk 1:31:07]} Bg7 {[%clk 1:31:20]} 6. Be3 {[%clk
1:31:16]} Nf6 {[%clk 1:31:05]} 7. f3 {[%clk 1:31:07]} d5 {[%clk 1:23:39]} 8.
exd5 {[%clk 1:15:49]} Nxd5 {[%clk 1:23:49]} 9. Nxc6 {[%clk 1:04:12]} bxc6
{[%clk 1:23:47]} 10. Nxd5 {[%clk 1:03:49]} cxd5 {[%clk 1:23:26]} 11. Bb5+
{[%clk 1:01:36]} Kf8 {[%clk 1:18:50]} 12. Bd4 {[%clk 0:57:49]} Qa5+ {[%clk
1:17:14]} 13. c3 {[%clk 0:57:47]} Qxb5 {[%clk 1:16:50]} 14. Bxg7+ {[%clk
0:57:07]} Kxg7 {[%clk 1:17:04]} 15. Qd4+ {[%clk 0:57:02]} f6 {[%clk 1:15:19]}
16. b3 {[%clk 0:56:02]} Ba6 {[%clk 1:14:52]} 17. Qe3 {[%clk 0:55:08]} Rhe8
{[%clk 1:14:42]} 18. Rd1 {[%clk 0:50:17]} e5 {[%clk 1:14:03]} 19. Kf2 {[%clk
0:49:18]} d4 {[%clk 1:10:28]} 20. cxd4 {[%clk 0:45:45]} exd4 {[%clk 1:10:36]}
21. Qxd4 {[%clk 0:45:53]} Re2+ {[%clk 1:00:10]} 22. Kg3 {[%clk 0:45:43]} Qg5+
{[%clk 0:59:00]} 23. Qg4 {[%clk 0:45:48]} Qxg4+ {[%clk 0:58:19]} 24. fxg4
{[%clk 0:45:51]} Rxa2 {[%clk 0:56:43]} 25. Rd7+ {[%clk 0:45:18]} Kg8 {[%clk
0:56:26]} 26. Re1 {[%clk 0:44:41]} Re2 {[%clk 0:55:27]} 27. Rxe2 {[%clk
0:43:59]} Bxe2 {[%clk 0:55:48]} 28. b4 {[%clk 0:43:18]} Bb5 {[%clk 0:53:38]}
29. Rd4 {[%clk 0:42:11]} Kf7 {[%clk 0:53:10]} 30. h4 {[%clk 0:41:56]} Ke6
{[%clk 0:52:52]} 31. Kf4 {[%clk 0:41:29]} Rc8 {[%clk 0:51:14]} 32. Re4+ {[%clk
0:39:41]} Kf7 {[%clk 0:50:38]} 33. g5 {[%clk 0:38:35]} Rc4 {[%clk 0:50:15]} 34.
gxf6 {[%clk 0:36:48]} Kxf6 {[%clk 0:48:22]} 35. Rxc4 {[%clk 0:35:01]} Bxc4
{[%clk 0:48:36]} 36. g4 {[%clk 0:35:21]} Ke6 {[%clk 0:48:15]} 37. g5 {[%clk
0:35:10]} Kd6 {[%clk 0:47:43]} 38. Ke4 {[%clk 0:35:13]} Kc6 {[%clk 0:47:04]}
39. Kd4 {[%clk 0:35:32]} Kb5 {[%clk 0:47:15]} 40. Kc3 {[%clk 0:35:40]} Bf7
{[%clk 0:47:23]} 41. Kd4 {[%clk 0:35:36]} Kxb4 {[%clk 0:47:37]} 42. Ke5 {[%clk
0:35:58]} a5 {[%clk 0:47:34]} 43. Kf6 {[%clk 0:36:19]} Be8 {[%clk 0:47:03]} 44.
Kg7 {[%clk 0:36:44]} a4 {[%clk 0:47:17]} 45. Kxh7 {[%clk 0:37:07]} a3 {[%clk
0:47:41]} 46. h5 {[%clk 0:36:49]} gxh5 {[%clk 0:48:01]} 47. g6 {[%clk 0:37:15]}
Bxg6+ {[%clk 0:48:15]} 48. Kxg6 {[%clk 0:37:35]} h4 {[%clk 0:48:41]} 49. Kg5
{[%clk 0:37:50]} h3 {[%clk 0:49:04]} 50. Kg4 {[%clk 0:38:14]} h2 {[%clk
0:49:30]} 51. Kg3 {[%clk 0:38:39]} h1=Q {[%clk 0:49:47]} 52. Kf2 {[%clk
0:38:52]} a2 {[%clk 0:50:10]} 0-1

[Event "DVM U14w 2016"]
[Site "Düsseldorf GER"]
[Date "2016.12.29"]
[Round "5"]
[White "Bashylina, Luisa"]
[Black "Schneider, Anna"]
[Result "1-0"]
[Termination "normal"]
[Board "1.4"]
[WhiteElo "1550"]
[BlackElo "1381"]
[WhiteClock "01:10:14"]
[BlackClock "00:13:34"]
[WhiteTeam "SG Solingen"]
[BlackTeam "SF Sasbach"]
[PlyCount "87"]
[WhiteFideId "12983292"]
[BlackFideId "16200527"]
[EventCountry "GER"]
[EventRounds "7"]
[EventType "team-swiss"]
[EventDate "2016.12.26"]

1. e4 {[%clk 1:30:56]} e5 {[%clk 1:30:52]} 2. Nf3 {[%clk 1:31:22]} Nc6 {[%clk
1:31:13]} 3. d4 {[%clk 1:31:47]} exd4 {[%clk 1:31:32]} 4. Nxd4 {[%clk 1:32:12]}
Nf6 {[%clk 1:31:40]} 5. Nxc6 {[%clk 1:32:22]} bxc6 {[%clk 1:31:55]} 6. Bd3
{[%clk 1:32:31]} Bc5 {[%clk 1:32:10]} 7. O-O {[%clk 1:32:25]} d6 {[%clk
1:32:24]} 8. Bg5 {[%clk 1:32:32]} h6 {[%clk 1:27:17]} 9. Bh4 {[%clk 1:31:38]}
Qe7 {[%clk 1:13:20]} 10. Nc3 {[%clk 1:29:44]} Qe6 {[%clk 0:58:57]} 11. Kh1
{[%clk 1:27:49]} Ng4 {[%clk 0:41:39]} 12. h3 {[%clk 1:25:48]} Ne5 {[%clk
0:39:34]} 13. f4 {[%clk 1:25:37]} Nxd3 {[%clk 0:39:32]} 14. cxd3 {[%clk
1:25:50]} Bd4 {[%clk 0:36:35]} 15. Qf3 {[%clk 1:24:18]} Bb7 {[%clk 0:33:44]}
16. Rae1 {[%clk 1:22:39]} Bf6 {[%clk 0:31:14]} 17. Bxf6 {[%clk 1:15:06]} gxf6
{[%clk 0:31:05]} 18. d4 {[%clk 1:15:00]} O-O-O {[%clk 0:30:06]} 19. d5 {[%clk
1:10:27]} cxd5 {[%clk 0:28:10]} 20. exd5 {[%clk 1:10:51]} Qf5 {[%clk 0:27:19]}
21. Re7 {[%clk 1:10:32]} Qg6 {[%clk 0:26:24]} 22. Nb5 {[%clk 1:06:59]} Kb8
{[%clk 0:19:48]} 23. Qe3 {[%clk 1:07:08]} Qc2 {[%clk 0:13:40]} 24. Qxa7+ {[%clk
1:07:21]} Kc8 {[%clk 0:13:57]} 25. Rxc7+ {[%clk 1:07:31]} Qxc7 {[%clk 0:14:19]}
26. Nxc7 {[%clk 1:07:49]} Kxc7 {[%clk 0:14:32]} 27. Rc1+ {[%clk 1:08:13]} Kd7
{[%clk 0:13:55]} 28. Qxb7+ {[%clk 1:08:37]} Ke8 {[%clk 0:14:05]} 29. Re1+
{[%clk 1:08:52]} Kf8 {[%clk 0:13:58]} 30. Re7 {[%clk 1:09:16]} Kg7 {[%clk
0:12:40]} 31. Rxf7+ {[%clk 1:09:28]} Kg6 {[%clk 0:12:50]} 32. Rg7+ {[%clk
1:09:41]} Kf5 {[%clk 0:13:02]} 33. g4+ {[%clk 1:09:40]} Kxf4 {[%clk 0:13:19]}
34. Qb4+ {[%clk 1:09:54]} Kg3 {[%clk 0:12:37]} 35. Qe1+ {[%clk 1:09:31]} Kf4
{[%clk 0:12:36]} 36. Qf2+ {[%clk 1:09:44]} Ke4 {[%clk 0:12:37]} 37. Re7+ {[%clk
1:09:55]} Kd3 {[%clk 0:12:52]} 38. Qf4 {[%clk 1:09:02]} Kc2 {[%clk 0:13:04]}
39. Qd4 {[%clk 1:09:08]} Rc8 {[%clk 0:13:16]} 40. Re2+ {[%clk 1:09:27]} Kb1
{[%clk 0:13:16]} 41. Qd3+ {[%clk 1:09:10]} Kc1 {[%clk 0:13:11]} 42. Qd2+ {[%clk
1:09:34]} Kb1 {[%clk 0:13:19]} 43. Re1+ {[%clk 1:09:50]} Rc1 {[%clk 0:13:34]}
44. Qxc1+ {[%clk 1:10:14]} 1-0

[Event "DVM U14w 2016"]
[Site "Düsseldorf GER"]
[Date "2016.12.29"]
[Round "5"]
[White "Rosenhain, Rachela"]
[Black "Rudolph, Eva"]
[Result "1/2-1/2"]
[Termination "normal"]
[Board "2.1"]
[WhiteElo "1864"]
[BlackElo "1655"]
[WhiteClock "00:04:28"]
[BlackClock "00:01:23"]
[WhiteTeam "Schachpinguine Berlin"]
[BlackTeam "Düsseldorfer SK"]
[PlyCount "89"]
[WhiteFideId "12957615"]
[BlackFideId "16200594"]
[EventCountry "GER"]
[EventRounds "7"]
[EventType "team-swiss"]
[EventDate "2016.12.26"]

1. d4 {[%clk 1:30:57]} d5 {[%clk 1:30:54]} 2. c4 {[%clk 1:31:22]} e6 {[%clk
1:31:20]} 3. Nc3 {[%clk 1:31:46]} Bb4 {[%clk 1:31:43]} 4. Qc2 {[%clk 1:31:34]}
dxc4 {[%clk 1:31:44]} 5. e3 {[%clk 1:31:14]} b5 {[%clk 1:31:21]} 6. a4 {[%clk
1:29:27]} c6 {[%clk 1:29:42]} 7. Bd2 {[%clk 1:27:13]} a6 {[%clk 1:26:55]} 8.
axb5 {[%clk 1:24:49]} cxb5 {[%clk 1:27:02]} 9. Nxb5 {[%clk 1:22:33]} Bxd2+
{[%clk 1:23:15]} 10. Qxd2 {[%clk 1:22:55]} Bb7 {[%clk 1:19:46]} 11. Na3 {[%clk
1:22:47]} Nf6 {[%clk 1:13:23]} 12. Nxc4 {[%clk 1:21:01]} O-O {[%clk 1:05:13]}
13. f3 {[%clk 1:16:59]} Nc6 {[%clk 1:01:58]} 14. Bd3 {[%clk 1:15:30]} Nd5
{[%clk 0:52:31]} 15. Rc1 {[%clk 1:11:04]} Nb6 {[%clk 0:49:57]} 16. Ne2 {[%clk
1:05:22]} Nxc4 {[%clk 0:42:32]} 17. Rxc4 {[%clk 1:04:33]} Rb8 {[%clk 0:40:13]}
18. Qc2 {[%clk 0:58:35]} Qa5+ {[%clk 0:35:49]} 19. Kf2 {[%clk 0:56:07]} h6
{[%clk 0:33:09]} 20. Rc5 {[%clk 0:49:31]} Qb6 {[%clk 0:31:44]} 21. Qc3 {[%clk
0:39:16]} Nb4 {[%clk 0:26:27]} 22. Bb1 {[%clk 0:38:26]} Rfc8 {[%clk 0:20:25]}
23. Rc1 {[%clk 0:37:08]} Rxc5 {[%clk 0:18:24]} 24. dxc5 {[%clk 0:37:08]} Qa5
{[%clk 0:11:30]} 25. Nd4 {[%clk 0:35:39]} Bc6 {[%clk 0:11:11]} 26. Nxc6 {[%clk
0:30:42]} Nxc6 {[%clk 0:11:30]} 27. Qxa5 {[%clk 0:29:26]} Nxa5 {[%clk 0:11:58]}
28. Rc2 {[%clk 0:28:09]} Kf8 {[%clk 0:10:14]} 29. Ke2 {[%clk 0:26:53]} Ke7
{[%clk 0:09:41]} 30. Kd1 {[%clk 0:16:20]} Rd8+ {[%clk 0:08:40]} 31. Rd2 {[%clk
0:14:08]} Rc8 {[%clk 0:07:49]} 32. b4 {[%clk 0:14:07]} Nc6 {[%clk 0:07:49]} 33.
Rb2 {[%clk 0:11:20]} Rb8 {[%clk 0:07:59]} 34. Bd3 {[%clk 0:09:20]} Rxb4 {[%clk
0:06:22]} 35. Ra2 {[%clk 0:08:57]} a5 {[%clk 0:05:40]} 36. Be4 {[%clk 0:08:54]}
Kd7 {[%clk 0:05:08]} 37. Bxc6+ {[%clk 0:09:02]} Kxc6 {[%clk 0:05:28]} 38. Rxa5
{[%clk 0:09:27]} Rb5 {[%clk 0:04:42]} 39. Ra6+ {[%clk 0:08:36]} Kxc5 {[%clk
0:04:48]} 40. Kc2 {[%clk 0:08:50]} Rb7 {[%clk 0:04:05]} 41. Ra4 {[%clk
0:08:32]} Kd5 {[%clk 0:03:33]} 42. Rg4 {[%clk 0:08:02]} g6 {[%clk 0:02:18]} 43.
Rh4 {[%clk 0:07:21]} h5 {[%clk 0:02:32]} 44. Rd4+ {[%clk 0:05:30]} Ke5 {[%clk
0:01:23]} 45. Ra4 {[%clk 0:04:28]} 1/2-1/2

[Event "DVM U14w 2016"]
[Site "Düsseldorf GER"]
[Date "2016.12.29"]
[Round "5"]
[White "Sokolowski, Judith"]
[Black "Schnabel, Luise"]
[Result "0-1"]
[Termination "normal"]
[Board "2.2"]
[WhiteElo "1527"]
[BlackElo "1678"]
[WhiteClock "00:01:58"]
[BlackClock "00:05:54"]
[WhiteTeam "Düsseldorfer SK"]
[BlackTeam "Schachpinguine Berlin"]
[PlyCount "117"]
[WhiteFideId "16200624"]
[BlackFideId "12943347"]
[EventCountry "GER"]
[EventRounds "7"]
[EventType "team-swiss"]
[EventDate "2016.12.26"]

1. e4 {[%clk 1:30:58]} c5 {[%clk 1:30:53]} 2. Nf3 {[%clk 1:31:21]} d6 {[%clk
1:31:17]} 3. d4 {[%clk 1:31:44]} cxd4 {[%clk 1:31:40]} 4. Nxd4 {[%clk 1:32:03]}
Nf6 {[%clk 1:31:59]} 5. Nc3 {[%clk 1:32:25]} a6 {[%clk 1:32:24]} 6. f4 {[%clk
1:31:56]} e6 {[%clk 1:31:49]} 7. Bd3 {[%clk 1:32:02]} Nbd7 {[%clk 1:26:58]} 8.
O-O {[%clk 1:30:56]} Qc7 {[%clk 1:25:07]} 9. Qf3 {[%clk 1:27:10]} b5 {[%clk
1:14:42]} 10. a3 {[%clk 1:23:04]} Bb7 {[%clk 1:12:23]} 11. g4 {[%clk 1:19:00]}
Nb6 {[%clk 1:08:19]} 12. g5 {[%clk 0:56:37]} Nfd7 {[%clk 1:07:51]} 13. f5
{[%clk 0:52:04]} e5 {[%clk 0:53:14]} 14. Nde2 {[%clk 0:50:17]} Nc5 {[%clk
0:44:57]} 15. Nd5 {[%clk 0:34:11]} Nxd5 {[%clk 0:42:59]} 16. exd5 {[%clk
0:33:44]} Nxd3 {[%clk 0:41:31]} 17. Qxd3 {[%clk 0:26:55]} Qc5+ {[%clk 0:39:58]}
18. Be3 {[%clk 0:25:34]} Qxd5 {[%clk 0:38:49]} 19. Qxd5 {[%clk 0:25:31]} Bxd5
{[%clk 0:39:13]} 20. Nc3 {[%clk 0:25:06]} Bb7 {[%clk 0:38:27]} 21. Rad1 {[%clk
0:22:57]} O-O-O {[%clk 0:32:06]} 22. Nd5 {[%clk 0:21:37]} Bxd5 {[%clk 0:30:53]}
23. Rxd5 {[%clk 0:21:56]} f6 {[%clk 0:28:19]} 24. gxf6 {[%clk 0:18:10]} gxf6
{[%clk 0:28:23]} 25. Kf2 {[%clk 0:17:34]} Rg8 {[%clk 0:26:32]} 26. h3 {[%clk
0:13:26]} Be7 {[%clk 0:24:56]} 27. Rfd1 {[%clk 0:12:34]} Kb7 {[%clk 0:21:27]}
28. R1d2 {[%clk 0:11:38]} Rc8 {[%clk 0:19:14]} 29. c3 {[%clk 0:09:27]} Rc4
{[%clk 0:10:40]} 30. Kf3 {[%clk 0:07:07]} Rcc8 {[%clk 0:09:20]} 31. Rh2 {[%clk
0:06:15]} Kc6 {[%clk 0:08:30]} 32. Rhd2 {[%clk 0:06:11]} Rg7 {[%clk 0:07:13]}
33. Ke4 {[%clk 0:02:05]} Kb7 {[%clk 0:02:47]} 34. Kf3 {[%clk 0:01:51]} Rcg8
{[%clk 0:02:43]} 35. Rh2 {[%clk 0:00:43]} Kc6 {[%clk 0:02:33]} 36. Rdd2 {[%clk
0:00:35]} d5 {[%clk 0:02:21]} 37. Rdf2 {[%clk 0:00:35]} Bc5 {[%clk 0:01:30]}
38. Ke2 {[%clk 0:00:41]} Rg3 {[%clk 0:01:12]} 39. Bxc5 {[%clk 0:00:57]} Kxc5
{[%clk 0:01:41]} 40. Kd2 {[%clk 0:00:47]} Kc4 {[%clk 0:00:58]} 41. Kc2 {[%clk
0:28:40]} Re3 {[%clk 0:27:39]} 42. h4 {[%clk 0:23:18]} Rgg3 {[%clk 0:23:19]}
43. Rh1 {[%clk 0:19:35]} Ref3 {[%clk 0:20:59]} 44. Rd2 {[%clk 0:18:45]} Rxf5
{[%clk 0:19:43]} 45. Rhd1 {[%clk 0:18:34]} e4 {[%clk 0:19:52]} 46. Rd4+ {[%clk
0:15:23]} Kc5 {[%clk 0:19:38]} 47. Kb3 {[%clk 0:13:04]} Re5 {[%clk 0:17:57]}
48. Re1 {[%clk 0:12:11]} f5 {[%clk 0:16:52]} 49. a4 {[%clk 0:11:11]} f4 {[%clk
0:15:59]} 50. axb5 {[%clk 0:10:27]} axb5 {[%clk 0:16:15]} 51. Kc2 {[%clk
0:07:54]} Rg2+ {[%clk 0:12:55]} 52. Kd1 {[%clk 0:07:29]} Rxb2 {[%clk 0:10:55]}
53. Kc1 {[%clk 0:06:19]} Rg2 {[%clk 0:11:00]} 54. Red1 {[%clk 0:04:36]} f3
{[%clk 0:10:35]} 55. Rf1 {[%clk 0:02:43]} Rh5 {[%clk 0:08:15]} 56. Rfd1 {[%clk
0:01:45]} f2 {[%clk 0:06:50]} 57. R4d2 {[%clk 0:01:48]} e3 {[%clk 0:06:23]} 58.
Re2 {[%clk 0:01:58]} f1=Q {[%clk 0:05:54]} 59. Rxg2 0-1

[Event "DVM U14w 2016"]
[Site "Düsseldorf GER"]
[Date "2016.12.29"]
[Round "5"]
[White "Grey, Andrea"]
[Black "Kogan, Dina Rachel"]
[Result "1-0"]
[Termination "normal"]
[Board "2.3"]
[WhiteElo "1428"]
[BlackElo "1256"]
[WhiteClock "00:29:07"]
[BlackClock "00:43:05"]
[WhiteTeam "Schachpinguine Berlin"]
[BlackTeam "Düsseldorfer SK"]
[PlyCount "85"]
[WhiteFideId "12971880"]
[BlackFideId "16200608"]
[EventCountry "GER"]
[EventRounds "7"]
[EventType "team-swiss"]
[EventDate "2016.12.26"]

1. c4 {[%clk 1:30:57]} Nf6 {[%clk 1:30:54]} 2. Nc3 {[%clk 1:31:17]} g6 {[%clk
1:31:17]} 3. e4 {[%clk 1:31:37]} d6 {[%clk 1:31:24]} 4. d3 {[%clk 1:31:23]} Bg7
{[%clk 1:31:36]} 5. g3 {[%clk 1:31:40]} O-O {[%clk 1:31:27]} 6. Bg2 {[%clk
1:32:00]} c5 {[%clk 1:31:25]} 7. Nge2 {[%clk 1:31:33]} Nc6 {[%clk 1:28:30]} 8.
O-O {[%clk 1:31:07]} a6 {[%clk 1:27:18]} 9. a3 {[%clk 1:27:07]} Rb8 {[%clk
1:24:22]} 10. f4 {[%clk 1:18:29]} e6 {[%clk 1:22:18]} 11. Kh1 {[%clk 1:13:16]}
Bd7 {[%clk 1:21:45]} 12. Be3 {[%clk 1:08:00]} Ng4 {[%clk 1:16:35]} 13. Bg1
{[%clk 1:06:03]} b6 {[%clk 1:12:51]} 14. h3 {[%clk 1:04:21]} Nf6 {[%clk
1:13:11]} 15. d4 {[%clk 1:01:47]} Ne8 {[%clk 0:55:11]} 16. Qd2 {[%clk 0:55:18]}
Na5 {[%clk 0:49:07]} 17. Qd3 {[%clk 0:50:38]} b5 {[%clk 0:45:25]} 18. cxb5
{[%clk 0:47:29]} c4 {[%clk 0:43:55]} 19. Qc2 {[%clk 0:44:55]} axb5 {[%clk
0:42:35]} 20. Rad1 {[%clk 0:37:16]} Qc8 {[%clk 0:36:29]} 21. Kh2 {[%clk
0:33:37]} f6 {[%clk 0:31:44]} 22. d5 {[%clk 0:24:12]} Nb7 {[%clk 0:26:19]} 23.
dxe6 {[%clk 0:19:08]} Bxe6 {[%clk 0:26:11]} 24. Nxb5 {[%clk 0:17:16]} Nc7
{[%clk 0:24:05]} 25. Nxd6 {[%clk 0:14:03]} Nxd6 {[%clk 0:24:29]} 26. Rxd6
{[%clk 0:14:07]} Nb5 {[%clk 0:24:16]} 27. Rdd1 {[%clk 0:13:32]} Nc7 {[%clk
0:21:44]} 28. Nd4 {[%clk 0:10:55]} Bf7 {[%clk 0:20:32]} 29. Nc6 {[%clk
0:10:28]} Re8 {[%clk 0:19:52]} 30. Nxb8 {[%clk 0:10:16]} Qxb8 {[%clk 0:20:21]}
31. Rd2 {[%clk 0:09:50]} Nb5 {[%clk 0:19:47]} 32. Rfd1 {[%clk 0:08:54]} Bf8
{[%clk 0:19:27]} 33. Ra1 {[%clk 0:06:12]} Rc8 {[%clk 0:18:26]} 34. a4 {[%clk
0:04:58]} Nd6 {[%clk 0:17:37]} 35. a5 {[%clk 0:03:57]} Nb5 {[%clk 0:17:30]} 36.
Qb1 {[%clk 0:03:17]} Bb4 {[%clk 0:16:48]} 37. Rc2 {[%clk 0:02:10]} c3 {[%clk
0:16:02]} 38. a6 {[%clk 0:02:03]} cxb2 {[%clk 0:16:26]} 39. Rxc8+ {[%clk
0:02:26]} Qxc8 {[%clk 0:16:34]} 40. Qxb2 {[%clk 0:02:06]} Bc3 {[%clk 0:17:01]}
41. Qc2 {[%clk 0:01:30]} Kg7 {[%clk 0:15:24]} 42. a7 {[%clk 0:29:07]} Qa8
{[%clk 0:43:05]} 43. e5 1-0

[Event "DVM U14w 2016"]
[Site "Düsseldorf GER"]
[Date "2016.12.29"]
[Round "5"]
[White "Paulweber, Lara Maria"]
[Black "Zhou, Lepu Coco"]
[Result "1/2-1/2"]
[Termination "normal"]
[Board "2.4"]
[WhiteElo "1389"]
[BlackElo "1645"]
[WhiteClock "00:11:42"]
[BlackClock "00:49:55"]
[WhiteTeam "Düsseldorfer SK"]
[BlackTeam "Schachpinguine Berlin"]
[PlyCount "119"]
[WhiteFideId "12954411"]
[BlackFideId "16217136"]
[EventCountry "GER"]
[EventRounds "7"]
[EventType "team-swiss"]
[EventDate "2016.12.26"]

1. e4 {[%clk 1:30:58]} e5 {[%clk 1:30:56]} 2. Nf3 {[%clk 1:31:23]} Nc6 {[%clk
1:31:22]} 3. d4 {[%clk 1:31:49]} exd4 {[%clk 1:31:48]} 4. Nxd4 {[%clk 1:32:12]}
Nf6 {[%clk 1:32:14]} 5. Nc3 {[%clk 1:32:35]} Bb4 {[%clk 1:32:33]} 6. Nxc6
{[%clk 1:32:54]} bxc6 {[%clk 1:32:52]} 7. Bd3 {[%clk 1:33:13]} d5 {[%clk
1:33:04]} 8. exd5 {[%clk 1:33:37]} cxd5 {[%clk 1:33:06]} 9. O-O {[%clk
1:33:47]} O-O {[%clk 1:33:30]} 10. Bg5 {[%clk 1:33:59]} c6 {[%clk 1:33:50]} 11.
Na4 {[%clk 1:34:03]} Be6 {[%clk 1:27:24]} 12. c3 {[%clk 1:34:16]} Bd6 {[%clk
1:26:58]} 13. b4 {[%clk 1:31:28]} Rb8 {[%clk 1:23:15]} 14. Bc2 {[%clk 1:28:10]}
g6 {[%clk 1:15:24]} 15. Qd4 {[%clk 1:20:47]} Be7 {[%clk 1:08:52]} 16. Qxa7
{[%clk 1:18:20]} Qd6 {[%clk 1:04:53]} 17. Qd4 {[%clk 1:15:14]} Qd8 {[%clk
1:00:40]} 18. Nc5 {[%clk 1:05:18]} Ne4 {[%clk 0:50:37]} 19. Bh6 {[%clk
0:57:40]} Bf6 {[%clk 0:49:13]} 20. Nxe6 {[%clk 0:47:00]} fxe6 {[%clk 0:48:20]}
21. Qe3 {[%clk 0:43:23]} Bg5 {[%clk 0:44:52]} 22. Bxg5 {[%clk 0:40:13]} Nxg5
{[%clk 0:45:13]} 23. f4 {[%clk 0:38:16]} Ne4 {[%clk 0:42:49]} 24. Bxe4 {[%clk
0:37:47]} dxe4 {[%clk 0:42:44]} 25. Qxe4 {[%clk 0:37:33]} Qb6+ {[%clk 0:42:20]}
26. Kh1 {[%clk 0:35:08]} Rfe8 {[%clk 0:42:13]} 27. Qc4 {[%clk 0:30:26]} Rbd8
{[%clk 0:40:41]} 28. Rad1 {[%clk 0:26:08]} Rxd1 {[%clk 0:39:14]} 29. Rxd1
{[%clk 0:26:17]} Kf8 {[%clk 0:38:39]} 30. Qd4 {[%clk 0:21:00]} Qxd4 {[%clk
0:34:59]} 31. Rxd4 {[%clk 0:20:26]} Ra8 {[%clk 0:34:14]} 32. Rd2 {[%clk
0:20:00]} Ra3 {[%clk 0:33:31]} 33. Rc2 {[%clk 0:19:49]} Ke7 {[%clk 0:33:45]}
34. Kg1 {[%clk 0:19:07]} Kd6 {[%clk 0:33:33]} 35. Kf2 {[%clk 0:18:28]} Kd5
{[%clk 0:33:35]} 36. Ke3 {[%clk 0:17:37]} e5 {[%clk 0:33:03]} 37. fxe5 {[%clk
0:15:35]} Kxe5 {[%clk 0:33:10]} 38. Kd3 {[%clk 0:15:05]} Kd5 {[%clk 0:32:42]}
39. Rd2 {[%clk 0:11:35]} Ke5 {[%clk 0:30:44]} 40. Re2+ {[%clk 0:07:58]} Kd5
{[%clk 0:31:00]} 41. g3 {[%clk 0:06:39]} c5 {[%clk 0:27:55]} 42. bxc5 {[%clk
0:05:58]} Kxc5 {[%clk 0:28:12]} 43. Rc2 {[%clk 0:03:52]} Kd5 {[%clk 0:27:27]}
44. Kd2 {[%clk 0:01:39]} Kc4 {[%clk 0:26:50]} 45. Kc1 {[%clk 0:01:14]} Ra5
{[%clk 0:24:36]} 46. Kb1 {[%clk 0:28:27]} Rb5+ {[%clk 0:54:29]} 47. Rb2 {[%clk
0:28:11]} Rh5 {[%clk 0:54:28]} 48. a4 {[%clk 0:22:37]} Kxc3 {[%clk 0:53:45]}
49. Ra2 {[%clk 0:20:56]} Rf5 {[%clk 0:52:50]} 50. Rb2 {[%clk 0:15:49]} Ra5
{[%clk 0:52:03]} 51. Rc2+ {[%clk 0:14:03]} Kb3 {[%clk 0:51:10]} 52. Rb2+ {[%clk
0:14:11]} Kxa4 {[%clk 0:51:08]} 53. Ra2+ {[%clk 0:13:33]} Kb5 {[%clk 0:50:51]}
54. Rxa5+ {[%clk 0:13:59]} Kxa5 {[%clk 0:50:59]} 55. Kc2 {[%clk 0:14:25]} Kb5
{[%clk 0:50:44]} 56. Kd3 {[%clk 0:14:51]} Kc5 {[%clk 0:50:44]} 57. Ke4 {[%clk
0:15:19]} Kd6 {[%clk 0:50:22]} 58. Kf4 {[%clk 0:15:27]} h6 {[%clk 0:50:22]} 59.
g4 {[%clk 0:14:51]} Ke6 {[%clk 0:49:55]} 60. h4 {[%clk 0:11:42]} 1/2-1/2

[Event "DVM U14w 2016"]
[Site "Düsseldorf GER"]
[Date "2016.12.29"]
[Round "5"]
[White "Bohrer, Katharina"]
[Black "Geletzke, Hannah"]
[Result "1/2-1/2"]
[Termination "normal"]
[Board "3.1"]
[WhiteElo "1144"]
[BlackElo "1558"]
[WhiteTeam "SF Konz-Karthaus"]
[BlackTeam "SV Empor Erfurt"]
[PlyCount "51"]
[WhiteFideId "16225457"]
[BlackFideId "12983330"]
[EventCountry "GER"]
[EventRounds "7"]
[EventType "team-swiss"]
[EventDate "2016.12.26"]

1. d4 {[%emt 0:00:00]} d5 {[%eval 0,0] [%emt 0:00:00]} 2. Nf3 {[%emt 0:00:03]}
Nf6 {[%eval 0,0] [%emt 0:00:00]} 3. e3 {[%emt 0:00:03]} c5 {[%eval 0,0] [%emt
0:00:00]} 4. c3 {[%emt 0:00:03]} Qc7 5. Bd3 Bg4 6. O-O Nbd7 7. Nbd2 e5 8. Be2
Bd6 9. Ng5 h6 10. Nxf7 Bxe2 11. Nxd6+ Qxd6 12. Qxe2 h5 13. h3 O-O-O 14. a4 g5
15. a5 e4 16. a6 b6 17. dxc5 Nxc5 18. c4 h4 19. cxd5 Nxd5 20. Qg4+ Kb8 21. Nc4
Qe7 22. Qf5 Rhf8 23. Qg6 Rg8 24. Qc6 Qc7 25. Qxc7+ Kxc7 26. Bd2 1/2-1/2

[Event "DVM U14w 2016"]
[Site "Düsseldorf GER"]
[Date "2016.12.29"]
[Round "5"]
[White "Reuter, Elisa"]
[Black "Biermann, Sophie"]
[Result "1-0"]
[Termination "normal"]
[Board "3.2"]
[WhiteElo "1618"]
[BlackElo "1186"]
[WhiteTeam "SV Empor Erfurt"]
[BlackTeam "SF Konz-Karthaus"]
[PlyCount "151"]
[WhiteFideId "12995444"]
[BlackFideId "16208960"]
[EventCountry "GER"]
[EventRounds "7"]
[EventType "team-swiss"]
[EventDate "2016.12.26"]

1. e4 d5 2. exd5 Qxd5 3. Nc3 Qa5 4. d4 c6 5. Bc4 Nf6 6. Bd2 Qb6 7. Nge2 Qxb2 8.
Rb1 Qa3 9. Rb3 Qd6 10. Bf4 Qd8 11. O-O e6 12. Ng3 Bd6 13. Bxd6 Qxd6 14. Nce4
Nxe4 15. Nxe4 Qf4 16. Nc5 b5 17. Be2 Nd7 18. Rf3 Qg5 19. Rg3 Qf6 20. Ne4 Qh6
21. Nd6+ Ke7 22. Ne4 Bb7 23. Bf3 Rad8 24. Qe1 Rc8 25. Qb4+ Kd8 26. Nd6 Qf6 27.
Nxb7+ Kc7 28. Nd6 Qe7 29. Nxb5+ Kd8 30. Qxe7+ Kxe7 31. Nxa7 Rc7 32. Nxc6+ Kf6
33. Ne5 Nxe5 34. dxe5+ Kxe5 35. Rxg7 Kf6 36. Rg4 Rxc2 37. Ra4 Rhc8 38. g3 R8c3
39. Kg2 h6 40. Rf4+ Kg7 41. a4 Ra2 42. Bh5 f6 43. Rd1 Rc7 44. Rfd4 f5 45. Rd7+
Rxd7 46. Rxd7+ Kf6 47. Rd4 Ke5 48. Rh4 Kd5 49. Be8 Ra3 50. Rxh6 Ra2 51. Bf7
Rxa4 52. Rxe6 Kd4 53. h4 Ra8 54. h5 Rh8 55. Bg6 Rh6 56. Rf6 Kc4 57. Rxf5 Kd4
58. Rf7 Ke5 59. Rh7 Rxh7 60. Bxh7 Kf6 61. g4 Kg7 62. f4 Kxh7 63. Kg3 Kg7 64. g5
Kh7 65. f5 Kg7 66. h6+ Kh7 67. Kg4 Kg8 68. g6 Kh8 69. Kg5 Kg8 70. Kf6 Kh8 71.
g7+ Kg8 72. h7+ Kxh7 73. Kf7 Kh6 74. g8=Q Kh5 75. Qg3 Kh6 76. Qg6# 1-0